| 000 | 00449nam a2200157 a 4500 | ||
|---|---|---|---|
| 005 | 20140310183205.0 | ||
| 008 | 030422s19uu xx 00 eng d | ||
| 050 |
_aRC 46 _b.M478 1990 |
||
| 100 | _aMcKenna, James P. | ||
| 245 |
_aThe Beaver Guide to Common Outpatient Problems / _cJames P. McKenna. |
||
| 300 |
_a104 p. : _c16 cm. |
||
| 521 | _aNUR | ||
| 650 |
_aSubstance use _xHandbook, manuals, etc. |
||
| 942 |
_cBK _2lcc _kFOR |
||
| 999 |
_c19971 _d19971 |
||